|
|
|
|
| LEADER |
00000naa0a2200000 4500 |
| 001 |
600530 |
| 005 |
20250814103654.0 |
| 035 |
|
|
|a (RuTPU)RU\TPU\tpu\25013
|
| 035 |
|
|
|a RU\TPU\tpu\25011
|
| 090 |
|
|
|a 600530
|
| 100 |
|
|
|a 20140507d1993 k y0rusy50 ca
|
| 101 |
0 |
|
|a rus
|
| 102 |
|
|
|a RU
|
| 200 |
1 |
|
|a Фрактальная модель дендритообразования при пробое диэлектриков
|f В. Ф. Важов, М. Н. Майоров
|
| 333 |
|
|
|a В фонде НТБ ТПУ отсутствует
|
| 463 |
|
|
|t Математическое моделирование систем и явлений
|o тезисы докладов межрегиональной научно-технической конференции
|v С. 127-129
|d 1993
|
| 610 |
1 |
|
|a труды учёных ТПУ
|
| 700 |
|
1 |
|a Важов
|b В. Ф.
|c специалист в области энергетики
|c доцент Томского политехнического университета, кандидат технических наук
|f 1939-
|g Владислав Фёдорович
|3 (RuTPU)RU\TPU\pers\26506
|
| 701 |
|
1 |
|a Майоров
|b М. Н.
|
| 801 |
|
1 |
|a RU
|b 63413507
|c 20140507
|
| 801 |
|
2 |
|a RU
|b 63413507
|c 20140507
|g RCR
|
| 942 |
|
|
|c BK
|